00928cam a22002538a 450000500170000000800410001701000140005802000270007203500130009903700150011204000180012708200110014510000220015624500960017826000470027427000480032130000270036950000520039665000230044865000160047194200250048799900170051295201450052920080916184717.0080911s2008 ii 001 0 eng  aENG-91955 a9788184501452c1750.00 aEN-75488 bDBAD / PUB adplbEnglish  a302.35 aRupinder Bir Kaur aOrganizational culture:cby Rupinder Bir Kaur ban exploration in Indian banking industry / aNew Delhi bDeep & Deep Publicationsc2009 aF-159, Rajouri Garden, bNew Delhi e110027 aix, 473p. c23cm (Hb)  aIncludes bibliographical references and index. aCorporate culture. aLeadership. 2ddccENmKAUh302.35 c19370d19370 00102ddc40718NFICaDBADbDBADd2008-12-02eDBAD / PUBg1750.00l0o302.35 KAUpEN-75488r2008-12-02 00:00:00t1v1750.00w2008-12-02yEN